000 01470nam a22003017a 4500
999 _c22084
_d22084
003 AR-CdUCM
008 190425b ||||| |||| 00| 0 spa d
040 _aMUNICIPALIDAD PROVINCIAL DEL CUSCO
_cBIBLIOTECA MUNICIPAL DEL CUSCO
082 _aParlante/N°73/2001
110 _aCentro Guamán Poma de Ayala
_920511
245 _aParlante :
_bRevista del Cusco /
260 _aCusco :
_bCentro de Educación y Comunicación Guamán Poma de Ayala,
_c2001.
300 _a31 páginas. :
_bilustraciones ;
_c30 cm.
440 _aParlante revista del Cusco.
_nAño 17, N°73, julio-agosto 2001.
_947391
505 _aContenido: Salvemos nuestro patrimonio. -- ¿Por qué es necesaria una Comisión de la verdad? Inés Fernández Baca -- Temas económicos a resolver. Lizardo Porcel. -- Evaluación de la gestión del Alcalde Carlos Valencia. -- Nuevos mercados viejos problemas en la ciudad de Cusco. -- Machupicchu un gigante en peligro. Víctor Carlotto. -- Contaminación sonora la bulla continúa. -- Baratillo cusqueño ...
650 _aUrbanismo
_94748
650 _aHistoria urbana
_913611
650 _aPlanificación urbana
_945230
650 _aPolítica cusqueña
_947381
650 _aGobiernos locales
_98462
650 _aMedio ambiente
_947392
650 _aSalud pública
_96404
700 _aFlores Nájar, Eldi
_932094
700 _aFernández Baca, Inés
_96532
710 _aCentro Guamán Poma de Ayala
_920511
942 _2ddc
_cPP
945 _arac